000 00912cam a22002894a 4500
005 20260322212029.0
008 data
010 _a 2011934312
020 _a9781935096771 (trade pbk. : alk. paper)
020 _a193509677X
040 _aDLC
_cDLC
042 _apcc
050 0 0 _aBF575.H27
_bC36 2011
082 0 0 _a158
_223
092 _a810.8 C36 2011
100 1 _aCanfield, Jack,
_d1944-
245 1 0 _aChicken Soup for the soul find your happiness :
_b101 stories about finding your purpose, passion, and joy /
_cJack Canfield, Mark Victor Hansen & Amy Newmark.
246 3 _aFind your happiness
260 _aCos Cob, CT :
_bChicken Soup for the Soul Pub.,
_c2011.
300 _axvii, 380 p. ;
_c22 cm.
650 0 _aHappiness.
650 0 _aHappiness
_vAnecdotes.
650 0 _aSelf-actualization (Psychology)
_vAnecdotes.
700 1 _aHansen, Mark Victor.
700 1 _aNewmark, Amy.
001 data
999 _c675
_d675